Emotion-Focused Family Therapy : (Record no. 184803)

MARC details
000 -LEADER
fixed length control field 01281nam a22003137i 4500
005 - DATE AND TIME OF LATEST TRANSACTION
control field 20210905113345.0
008 - FIXED-LENGTH DATA ELEMENTS--GENERAL INFORMATION
fixed length control field 210905t20202020 ||||e |||| 00| 0 eng d
020 ## - INTERNATIONAL STANDARD BOOK NUMBER
International Standard Book Number 9781433830853
Terms of availability RM186.66
Qualifying information paperback
040 ## - CATALOGING SOURCE
Original cataloging agency PPAK
Language of cataloging eng
Transcribing agency PPAK
Description conventions rda
082 04 - DEWEY DECIMAL CLASSIFICATION NUMBER
Edition number 23
Classification number 616.89156
090 00 - LOCALLY ASSIGNED LC-TYPE CALL NUMBER (OCLC); LOCAL CALL NUMBER (RLIN)
Classification number (OCLC) (R) ; Classification number, CALL (RLIN) (NR) 616.89156
Feature heading LAF
Feature heading R
100 1# - MAIN ENTRY--PERSONAL NAME
Personal name Lafrance, Adele,
Relator term author.
245 10 - TITLE STATEMENT
Title Emotion-Focused Family Therapy :
Remainder of title A Transdiagnostic Model for Caregiver-Focused Interventions /
Statement of responsibility, etc. ADELE LAFRANCE, KATHERINE A. HENDERSON AND SHARI MAYMAN
264 #1 - PRODUCTION, PUBLICATION, DISTRIBUTION, MANUFACTURE, AND COPYRIGHT NOTICE
Place of production, publication, distribution, manufacture Washington, DC :
Name of producer, publisher, distributor, manufacturer AMERICAN PSYCHOLOGICAL ASSOCIATION,
Date of production, publication, distribution, manufacture, or copyright notice [2020?]
Date of production, publication, distribution, manufacture, or copyright notice ©2020
300 ## - PHYSICAL DESCRIPTION
Extent viii, 212 pages ;
Dimensions 23 cm
336 ## - CONTENT TYPE
Source rdacontent
Content type term text
337 ## - MEDIA TYPE
Source rdamedia
Media type term unmediated
338 ## - CARRIER TYPE
Source rdacarrier
Carrier type term volume
500 ## - GENERAL NOTE
General note Includes index.
504 ## - BIBLIOGRAPHY, ETC. NOTE
Bibliography, etc. note Bibliography : pages 187-201.
520 ## - SUMMARY, ETC.
Summary, etc. This clinical manual describes how to use emotion focused family therapy, an exciting new psychotherapeutic approach in which caregivers play a pivotal role their loved ones' treatment.
650 10 - SUBJECT ADDED ENTRY--TOPICAL TERM
Topical term or geographic name entry element Emotion-focused theraphy.
Topical term or geographic name entry element Family psychotheraphy.
Topical term or geographic name entry element Mentally ill
General subdivision Family relationships.
700 1# - ADDED ENTRY--PERSONAL NAME
Personal name Henderson, Katherine A.,
Relator term author.
Personal name Mayman, Shari,
Relator term author.
942 ## - ADDED ENTRY ELEMENTS (KOHA)
Source of classification or shelving scheme Dewey Decimal Classification
Koha item type Book
Holdings
Withdrawn Not for loan Current library Shelving location Date acquired Full call number Barcode Date last seen Koha item type
  Not For Loan Perpustakaan Alor Setar Rujukan Dewasa 17/10/2021 R 616.89156 LAF A01700323 17/10/2021 Book